000 00825nam a2200217Ia 4500
003 GCL
008 140319s9999 xx 000 0 ara d
040 _aGCL /
_cGCL
082 0 4 _a338.9
_bع ج
100 1 _aعلى توفيق الصادق
245 1 0 _aجهود ومعوقات التخصيص فى الدول العربية /
_cعلى توفيق الصادق
700 1 _aمعبد على الجارحى
260 _a[S.N] :
_bصندوق النقد الدولي ،
_c1995
300 _a378 ص ؛
_c24 سم
650 0 4 _aالتنمية الاقتصادية
650 0 4 _aالخصخصة
650 0 4 _aمصر - الاحوال الاقتصادية
650 0 4 _aالعالم العربى - الاحوال الاقتصادية
650 0 4 _aالعالم العربى - الاحوال السياسية
942 _2ddc
_cBK
999 _c6854
_d6854